| 000 | 00361nam a22001337a 4500 | ||
|---|---|---|---|
| 020 | _qPB. | ||
| 040 | _cFIZZA ISHAQ | ||
| 082 |
_a629.892 _bSCH |
||
| 100 |
_aSCHILLING, J. ROBERT. _991263 |
||
| 245 |
_aFUNDAMENTALS OF ROBOTICS ANALYSIS & CONTROL / _cROBERT J. SCHILLING. |
||
| 260 |
_aNEW YORK ; _bPRENTIC HALL, _c2017. |
||
| 300 | _a425 P. ; | ||
| 942 |
_2ddc _cBK |
||
| 999 |
_c589460 _d589460 |
||